000 00446nam a22001817a 4500
005 20230130153806.0
008 230130b |||||||| |||| 00| 0 eng d
020 _a81-85731-13-6
041 _aeng
082 _a615 MIT -F
100 _aMITHAL ,B.M
_96387
245 _aA TEXTBOOK OF FORENSIC PHARMACY
250 _a10th ed.
260 _bVALLABH PRAKASHAN
_c2020
300 _a239;P.
650 _aPHARMACY
_xB.PHARMA
_97083
942 _cBK
999 _c8227
_d8225